000 00208nam a2200109Ia 4500
100 _a#N/A
942 _cBK
654 _aletter plan
245 _aBusiness Correspondence
260 _b#N/A
546 _aENGLISH
999 _c24253
_d24253